000 00974 a2200193 4500
003 NUST
005 20221118121843.0
010 _a6910185
040 _cNust
082 _a515.15,SIL
100 _aSilverman, Richard A.
_9102972
245 _aModern calculus and analytic geometry /
_cRichard A. Silverman
260 _aNew York
_b Macmillan
_c1969
300 _a1034 p.:
505 _aSets And Functions (Page-1), Numbers And Coordinates (Page-38), Graphs (Page-77), Limits (Page-135), Derivatives (Page-205), Well-Behaved Functions (Page-259), Integrals (Page-347), Analytic Geometry In R2 (Page-422), Curves And Vector In R2 (Page-524), Linear Algebra (Page-594), Analytic Geometry In R2 (Page-638), Partial Differentiation (Page-693), Multiple Integration (Page-757), Further Computations (Page-835), Infinite Series (Page-886).
600 _aRichard A. Silverman
_9103058
650 _aModern calculus and analytic geometry
_9103059
942 _2ddc
_cBK
_k515.15,SIL
999 _c180704
_d180704